Normal view
MARC view
Entry Personal Name
001 - CONTROL NUMBER
- control field: 9776
003 - CONTROL NUMBER IDENTIFIER
- control field: ARRUPE
005 - DATE AND TIME OF LATEST TRANSACTION
- control field: 20140403143408.0
008 - FIXED-LENGTH DATA ELEMENTS
- fixed length control field: 140403|| aca||aabn | a|a d
040 ## - CATALOGING SOURCE
- Original cataloging agency: ARRUPE
- Transcribing agency: ARRUPE
100 ## - HEADING--PERSONAL NAME
- Personal name: Williams, Basil,
- Dates associated with a name: 1867-1950.
670 ## - SOURCE DATA FOUND
- Source citation: Work cat.: (ARRUPE)0: Williams, Basil, 1867-1950., Cecil Rhodes,, 1921.